Sahih Muslim (Record no. 2130)

MARC details
000 -LEADER
fixed length control field 00545nam a2200229 a 4500
020 ## - INTERNATIONAL STANDARD BOOK NUMBER
ISBN
082 00 - DEWEY DECIMAL CLASSIFICATION NUMBER
Classification number 297.124
Author Cutter MUS1
100 ## - MAIN ENTRY--AUTHOR NAME
Author name Muslim, Imam Abul Hussain
245 ## - TITLE STATEMENT
Title Sahih Muslim
260 ## - PUBLICATION, DISTRIBUTION, ETC. (IMPRINT)
Place of publication No Pleace
Name of publisher No Pleace
Year of publication 1929
300 ## - PHYSICAL DESCRIPTION
Number of Pages 00p
500 ## - GENERAL NOTE
General note includes index and biblioraphy
650 ## - SUBJECT ADDED ENTRY--TOPICAL TERM
Topical Term Hadith
942 ## - ADDED ENTRY ELEMENTS (KOHA)
Koha item type Books
700 1# -
-- Muslim, Imam Abul Hussain
Holdings
Collection code Home library Current library Shelving location Date acquired Cost, normal purchase price Full call number Accession Number Koha item type
Reference Henry Martyn Institute Library Henry Martyn Institute Library Reference 09/04/2018 100.00 297.124 MUS1 V1-V3 4257 Books
Reference Henry Martyn Institute Library Henry Martyn Institute Library Reference 09/04/2018 100.00 297.124 MUS1 V4-V6 4258 Books
Reference Henry Martyn Institute Library Henry Martyn Institute Library Reference 09/04/2018 100.00 297.124 MUS1 V7-V9 4259 Books
Reference Henry Martyn Institute Library Henry Martyn Institute Library Reference 09/04/2018 100.00 297.124 MUS1 V10-V12 4260 Books
Reference Henry Martyn Institute Library Henry Martyn Institute Library Reference 09/04/2018 100.00 297.124 MUS1 V13-V15 4261 Books
Reference Henry Martyn Institute Library Henry Martyn Institute Library Reference 09/04/2018 100.00 297.124 MUS1 V16-V18 4262 Books
                   Copyright © 2026 | Henry Martyn Institute | Hyderabad | TS-500052 | INDIA | Implemented by hmi.edu.in
Hit-Count:

Powered by Koha